000 00326 a2200157 4500
001 61294
020 _a8587742280
040 _cAnchieta - Pituba
100 _aDupuis-Labbé, Dominique
240 1 0 _aPicasso na Oca
_lpor
245 1 0 _aPicasso na Oca
300 _a377
362 0 _a2004
650 4 _aPintura
942 _cBK
999 _c61294
_d61294